000 00551nam a2200193Ia 4500
005 20250508164823.0
008 008 250505s9999 xx 000 0 hin d
037 _aDissertations
040 _aFEDL
_beng
_cFEDL
041 _ahin
_2eng
084 _a370, JHA/DI
_qFEDL
100 _aJha Manoj Kumar
245 0 _aDelhi rajya me 'sab ke liye shiksha' ka mulyankanpark addhyan
260 _c1999
300 _a227p.
546 _aM. Phil. Dissertation (Delhi University
942 _cDIS
_h370, JHA/DI
999 _c1391396
_d1391396